00506nam a2200121Ia 4500008004100000100002400041245009600065260005100161650002000212856006100232999001900293952007200312160909s9999 xx 000 0 und d aSiegel, Elisheva S. aChallenging what we know with The Last Days of Judas Iscariot: Examining the reality bCalifornia State University, Long Beach.c2016 aMULTIMEDIA ARTS uhttp://pqdtopen.proquest.com/doc/1786690637.html?FMT=ABS c304281d304281 001040aCLbCLd2016-09-15l0r2016-09-15 00:00:00w2016-09-15yET